Normal view MARC view
  • Guide Name:Navle Rahul63p

Entry Personal Name

Number of records used in: 1

001 - CONTROL NUMBER

  • control field: 210844

003 - CONTROL NUMBER IDENTIFIER

  • control field: OSt

005 - DATE AND TIME OF LATEST TRANSACTION

  • control field: 20250110171738.0

008 - FIXED-LENGTH DATA ELEMENTS

  • fixed length control field: 250110|| aca||aabn | a|a d

040 ## - CATALOGING SOURCE

  • Original cataloging agency: OSt
  • Transcribing agency: OSt

100 ## - HEADING--PERSONAL NAME

  • Personal name: Guide Name:Navle Rahul63p

670 ## - SOURCE DATA FOUND

  • Source citation: Work cat.: (OSt)364363: Panse Vrinda. 183770, Deriving Methodology For Sustainable Development Of Plots In Transit Rriented Development Along Metro Corridor Case Pune, 2019